000 00434ntaaa2200181 4500
003 01
005 20251027201952.0
008 0714s1973 ag 01
040 _aAR-BaBN
_bspa
_cAR-BaBN
_eaacr
_dRIC
082 _a254.0000 F78
100 _aFoshee, Howard
_918232
245 _aChurch usher
250 _a1 ed. :
_bConvention Press,
_cn.f.
300 _a16 p.
650 _aPortero-Iglesia
650 _aIglesia-Portero
942 _cBK
999 _c14431
_d14431